يحكى أن : (رقم التسجيلة. 35820)

تفاصيل مارك
000 -LEADER
fixed length control field 00569nam a22001937a 4500
005 - DATE AND TIME OF LATEST TRANSACTION
control field 20251108165944.0
008 - FIXED-LENGTH DATA ELEMENTS--GENERAL INFORMATION
fixed length control field 250721s1997 xx 000 0 ara d
082 14 - DEWEY DECIMAL CLASSIFICATION NUMBER
Classification number ط/811.9565/محم
100 1# - MAIN ENTRY--PERSONAL NAME
Personal name عمرو، محمد جمال
245 10 - TITLE STATEMENT
Title يحكى أن :
Remainder of title شعر /
264 1# - PRODUCTION, PUBLICATION, DISTRIBUTION, MANUFACTURE, AND COPYRIGHT NOTICE
Place of production, publication, distribution, manufacture عمان :
Name of producer, publisher, distributor, manufacturer دار البشير،
Date of production, publication, distribution, manufacture, or copyright notice 1997.
300 ## - PHYSICAL DESCRIPTION
Extent 14ص
490 0# - SERIES STATEMENT
Series statement سلاسل البشير السلسلة الشعرية ؛ 1
650 17 - SUBJECT ADDED ENTRY--TOPICAL TERM
Topical term or geographic name as entry element الشعر الحديث
650 17 - SUBJECT ADDED ENTRY--TOPICAL TERM
Topical term or geographic name as entry element الأردن
650 17 - SUBJECT ADDED ENTRY--TOPICAL TERM
Topical term or geographic name as entry element الأدب العربي
942 ## - ADDED ENTRY ELEMENTS (KOHA)
Source of classification or shelving scheme Dewey Decimal Classification
Koha item type كتب
المقتنيات
حالة السحب حالة الفقدان مصدر التصنيف حالة التلف غير قابل للإعارة المكتبة الرئيسية المكتبة الحالية موقع الرف تاريخ التزويد الرقم المتسلسل Total Checkouts رقم الإستدعاء تاريخ آخر ظهور تاريخ الفاتورة نوع المادة (كوها) الباركود
    Dewey Decimal Classification     مكتبة قتيبة للأطفال مكتبة قتيبة للأطفال الأطفال 29/10/2017 1665523   ط/811.9565/محم 28/07/2025 29/10/2017 كتب PLD00408033
    Dewey Decimal Classification Unchecked   مكتبة أبو علندا العامة مكتبة أبو علندا العامة الأطفال 06/07/2004 1909   ط/811.9565/محم 28/07/2025 06/07/2004 كتب  
    Dewey Decimal Classification Unchecked   مكتبة أم قصير والمقابلين العامة مكتبة أم قصير والمقابلين العامة الأطفال 06/07/2004 4499   ط/811.9565/محم 28/07/2025 06/07/2004 كتب  
    Dewey Decimal Classification     مكتبة أم قصير والمقابلين العامة مكتبة أم قصير والمقابلين العامة الأطفال 23/10/2014 584101   ط/811.9565/محم 28/07/2025 23/10/2014 كتب PLD00354689
    Dewey Decimal Classification Unchecked   مكتبة الاميرة بديعة مكتبة الاميرة بديعة الأطفال 06/07/2004 2222   ط/811.9565/محم 28/07/2025 06/07/2004 كتب  
    Dewey Decimal Classification Unchecked   مكتبة النصر العامة مكتبة النصر العامة الأطفال 06/07/2004 5211   ط/811.9565/محم 28/07/2025 06/07/2004 كتب  
    Dewey Decimal Classification Unchecked   مكتبة حمزة العامة مكتبة حمزة العامة الأطفال 06/07/2004 2914   ط/811.9565/محم 28/07/2025 06/07/2004 كتب  
    Dewey Decimal Classification Unchecked   مكتبة صويلح العامة مكتبة صويلح العامة الأطفال 06/07/2004 6296   ط/811.9565/محم 28/07/2025 06/07/2004 كتب  
    Dewey Decimal Classification Unchecked   مكتبة وادي السير العامة مكتبة وادي السير العامة الأطفال 06/07/2004 2757   ط/811.9565/محم 28/07/2025 06/07/2004 كتب  
Implemented & Customized by: BBB with SCIT (Smart Chains for Information Technology)

Powered by Koha